Ballon D'Or Winners: True or False #3 - Statistics

General Stats
  • This quiz has been taken 105 times
  • The average score is 14 of 15
Answer Stats
Question Answer % Correct
Mohamed Salah False
100%
Luis Suárez (Uruguay) False
100%
Antoine Griezmann False
100%
Harry Maguire False
100%
Kylian Mbappé False
100%
Toni Kroos False
100%
Karim Benzema True
100%
Fernando Torres False
94%
Lev Yashin True
94%
Alfredo Di Stéfano True
94%
Sócrates False
89%
Stanley Matthews True
89%
Luis Suárez (Spain) True
83%
Zbigniew Boniek False
78%
Roberto Baggio True
78%
No matching quizzes found
Score Distribution
Percent of People with Each Score
Percentile by Number Answered
Your Score History
You have not taken this quiz